Logo des Grandes Surfaces françaises - Statistiques

Statistiques générales
  • Ce quiz a été pris 893 fois
  • Le résultat moyen est 12 sur 16
Statistiques - réponses
Par images Réponse % Correct
Auchan
100%
Carrefour
99%
Leclerc
98%
Lidl
98%
Intermarché
97%
Monoprix
95%
ALDI
94%
Grand Frais
89%
Leader Price
81%
Netto
80%
Spar
68%
Cora
65%
Vival
51%
Franprix
44%
Casino
35%
Maximarché
11%
Aucun quiz correspondant
Distribution des résultats
% des personnes avec chaque résultat
Percentile par nombre de réponses
Votre historique - résultats
Vous n’avez pas pris ce quiz